Регионална библиотека "Любен Каравелов" - Русе

Балканский полуостров (Запис номер 431888)

MARC детайли
000 -Лидер
Контролно поле с фиксирана дължина nam a22 a 4500
003 - Код на организацията, давaща контролен номер
Контролно поле BLK
005 - Дата и час на последна редакция
Контролно поле 20210915115629.0
008 - Елементи от данни с фиксирана дължина
fixed length control field 210915b bu |||||r|||| 00| | bu d
040 ## - Източник на каталожния запис
Идентификатор на билиотеката - собственик на записа BLK
041 ## - Код за език
Код за езика на текст/звукозапис или на отделно заглавие Български
Код за езика КДБФ Български
080 ## - УДК
Текстов определител УДК История на балканските държави
УДК код - определител по УДК 94(497)
УДК - код + определител 94(497)
100 ## - Редна дума - Автор
R(LIN) 1299
Автор Лавеле, Емил дьо
Авторска отговорност първи автор
139 ## - Редно поле
Редна дума Лавеле, Емил дьо
245 ## - Сведения за заглавието
Заглавие Балканский полуостров
Подзаглавни данни България, Румелия и Турция
Редно поле (дума) Емил де Лавале ; Прев. З. Бояджиев
260 ## - Област на издателските данни
9 (RLIN) 211892
Място на издаване, разпространение и проч. В. Търново
Име на издателя, разпространителя и проч. Изд. прев.
Година на издаване 1890
Печатница Търново : Пано Иванов
300 ## - Физическа характеристика
Страници 256 с.
Размери/Мащаб 23 см
380 ## - Жанр
Жанр История
490 ## - СЕРИИ (Колекции)
9 (RLIN) 435080
Име на серия Колекция Редки и ценни издания
650 #0 - Допълнително описание по предмет – тема
9 (RLIN) 266787
Основно описание – тема или топоним Балкански страни - история
651 #0 - Допълнително описание по предмет - топоним
9 (RLIN) 241624
Географско понятие България
651 #7 - Допълнително описание по предмет - топоним
9 (RLIN) 179691
Географско понятие Турция
651 #7 - Допълнително описание по предмет - топоним
9 (RLIN) 179459
Географско понятие Румъния
700 ## - Други автори (авторска отговорност)
9 (RLIN) 320688
Лично име Бояджиев, Захари Атанасов
Автороска отговорност (Описва отношението между автора и произведението) прев.
852 ## - Местоположение
Форматна сигнатура Рб 890
Фондова буква Редки и ценни
999 ## - СИСТЕМНИ КОНТРОЛНИ НОМЕРА
Koha biblionumber 431888
Koha biblioitemnumber 431888
942 ## - АРТИКУЛИ
Вид на библиотечния материал Книги
Скрит в OPAC Не
Периодичен библиозапис Да
944 ## - СЪЗДАВАНЕ И РЕДАКЦИЯ на ЗАПИСА
Създаване/Редакция Създаване
Дата на регистрацията/редакция 2021-09-15
Служител, извършил регистрацията/редакцията ВЙ
Наличности
Код за отписване Код за изгубен артикул Източник на класификационната схема Код за повреда Коз за рестрикции Код за отдаване Артикулен № Име на библиотеката - собственик Име на библиотеката, в която се намира в момента Статус (Текущо местоположение) Дата на вписване в системата Местоположение - отдел Цена в лева Инвентарен номер Систематично азбучна сигнатура Баркод Цена в евро Служебен тип на артикула
  Не е изгубен Universal Decimal Classification Не е повреден само за читалня Специални фондове ( старопечатни, редки и ценни, фонд М. Арнаудов) 853774 Регионална библиотека "Любен Каравелов" Русе Регионална библиотека "Любен Каравелов" Русе Редки и ценни 2021-09-21 Редки и ценни 0.51 9985/58 Рб 890 900000078367 0.26 Книги
Vip Innovations Ltd, Rousse, Bulgaria 2025